[Event "BCF-chT4S 1819 (4NCL)"]
[Site "England"]
[Date "2019.05.06"]
[Round "11.83"]
[White "Hirst, Joe"]
[Black "Bott, Simeon"]
[Result "1/2-1/2"]
[WhiteElo "1638"]
[BlackElo "1757"]
[PlyCount "43"]
[EventDate "2018.11.17"]
[EventType "team-swiss"]
[EventRounds "11"]
[EventCountry "ENG"]
[SourceTitle "EXT 2021"]
[Source "ChessBase"]
[SourceDate "2020.10.23"]
[SourceVersion "1"]
[SourceVersionDate "2020.10.23"]
[SourceQuality "1"]
[WhiteTeam "Wood Green Youth"]
[BlackTeam "Sussex Martlets III"]
[WhiteTeamCountry "ENG"]
[BlackTeamCountry "ENG"]

1. e4 e5 2. Nf3 Nf6 3. Nxe5 d6 4. Nf3 Nxe4 5. d4 d5 6. Bd3 Nc6 7. 0-0 Be7 8. Nbd2 f5 9. Ne5 0-0 10. Nxc6 bxc6 11. f3 Nd6 12. Nb3 Bf6 13. c3 Re8 14. Qc2 Bd7 15. Nc5 Qe7 16. Bd2 Qf7 17. Rfe1 g6 18. Rxe8+ Rxe8 19. Re1 Rxe1+ 20. Bxe1 f4 21. Bd2 Bc8 22. Qa4 1/2-1/2

[Event "BCF-chT4S 1819 (4NCL)"]
[Site "England"]
[Date "2019.05.04"]
[Round "9.113"]
[White "Bott, Simeon"]
[Black "Deacon, David J"]
[Result "1-0"]
[WhiteElo "1757"]
[BlackElo "1635"]
[PlyCount "157"]
[EventDate "2018.11.17"]
[EventType "team-swiss"]
[EventRounds "11"]
[EventCountry "ENG"]
[SourceTitle "EXT 2021"]
[Source "ChessBase"]
[SourceDate "2020.10.23"]
[SourceVersion "1"]
[SourceVersionDate "2020.10.23"]
[SourceQuality "1"]
[WhiteTeam "Sussex Martlets III"]
[BlackTeam "Wessex III"]
[WhiteTeamCountry "ENG"]
[BlackTeamCountry "ENG"]

1. e4 c5 2. Nf3 e6 3. d4 cxd4 4. Nxd4 Nf6 5. Nc3 d6 6. Be2 a6 7. Be3 Be7 8. 0-0 0-0 9. f4 Nc6 10. Nxc6 bxc6 11. e5 Nd5 12. Qd2 Nxe3 13. Qxe3 d5 14. Na4 c5 15. c4 d4 16. Qh3 f5 17. b3 g6 18. g4 Bb7 19. Bf3 Ra7 20. Bxb7 Rxb7 21. Qg2 Qd7 22. Nb2 Rf7 23. Nd3 Rg7 24. Kf2 a5 25. Rg1 Rb8 26. Ke2 Qb7 27. Qxb7 Rxb7 28. gxf5 gxf5 29. Rxg7+ Kxg7 30. Rg1+ Kf7 31. Rg3 Rb8 32. Kd2 Bf8 33. Kc2 Be7 34. Kb2 a4 35. Nc1 Bh4 36. Rh3 Be1 37. Rxh7+ Kg6 38. Re7 Rb6 39. Rc7 Bd2 40. Nd3 Bc3+ 41. Kc2 axb3+ 42. axb3 Ra6 43. Nc1 Bb4 44. Kb1 Kh5 45. Rg7 Kh6 46. Rg8 Kh7 47. Rg2 Bc3 48. Kc2 Ra1 49. Rg3 Kh6 50. Nd3 Ra2+ 51. Kd1 Rd2+ 52. Kc1 Rxh2 53. Nxc5 Bd2+ 54. Kd1 Bxf4 55. Rf3 Bxe5 56. Nxe6 Kg6 57. Rd3 Rh4 58. b4 Kf6 59. Nd8 Ke7 60. Nc6+ Kd6 61. b5 Re4 62. Nxe5 Kxe5 63. c5 Kd5 64. c6 Kc5 65. Rb3 Kb6 66. Rb4 Re8 67. Kd2 Kc5 68. Rb1 Kb6 69. Kd3 Re4 70. Rb4 Rh4 71. Rxd4 Rh3+ 72. Kc4 Rh1 73. Kd5 Rh6 74. Rb4 f4 75. Rxf4 Kxb5 76. c7 Rh5+ 77. Kd6 Rh6+ 78. Kd7 Rh7+ 79. Kc8 1-0

[Event "ENG Terafinal"]
[Site "Daventry"]
[Date "2017.08.12"]
[Round "3"]
[White "Wang, Xingliang Anna"]
[Black "Bott, Simeon"]
[Result "1/2-1/2"]
[WhiteElo "162"]
[BlackElo "122"]
[PlyCount "123"]
[EventDate "2017.08.12"]
[EventType "swiss"]
[EventRounds "6"]
[EventCountry "ENG"]
[SourceTitle "CBM 179 Extra"]
[Source "ChessBase"]
[SourceDate "2017.08.23"]
[SourceVersion "1"]
[SourceVersionDate "2017.08.23"]
[SourceQuality "1"]

1. e4 d6 2. d4 Nf6 3. Nc3 Nbd7 4. Be3 e5 5. Nf3 Be7 6. dxe5 dxe5 7. h3 c6 8. Bd3 0-0 9. 0-0 Qc7 10. Qe2 Nc5 11. Rfd1 h6 12. Rac1 b5 13. Nb1 Nxd3 14. cxd3 Be6 15. Qc2 Rac8 16. d4 exd4 17. Nxd4 Bxa2 18. Nc3 Bc4 19. b3 Be6 20. Nxe6 fxe6 21. Nxb5 Qe5 22. Nxa7 Rc7 23. Nxc6 Qxe4 24. Qxe4 Nxe4 25. Nxe7+ Rxe7 26. f3 Ng3 27. Kf2 Ne4+ 28. Ke1 Nf6 29. Bc5 Rb7 30. Bxf8 Kxf8 31. Rd3 Nd5 32. Rb1 Nf4 33. Rd2 Nd5 34. Rd4 Ne3 35. Kd2 Nd5 36. b4 g5 37. g3 Ke7 38. Kd3 Kd6 39. Rc4 Nb6 40. Rd4+ Nd5 41. Rc4 Rb8 42. b5 Rb6 43. Ra4 Nc7 44. Rd4+ Nd5 45. Kc4 Rb8 46. Rbd1 Rc8+ 47. Kb3 Rb8 48. Kc4 Rc8+ 49. Kd3 Rc3+ 50. Ke2 Rb3 51. h4 Ke5 52. R1d3 Rxb5 53. Re4+ Kf5 54. hxg5 hxg5 55. Rc4 Rb2+ 56. Rd2 Rb3 57. g4+ Kf6 58. Rc6 Nf4+ 59. Kf2 Nd3+ 60. Kg2 Ne5 61. Rc8 Ke7 62. Rg8 1/2-1/2